The power of habit : (Record no. 80096)
[ view plain ]
| 000 -LEADER | |
|---|---|
| fixed length control field | 01026nam a2200265Ia 4500 |
| 001 - CONTROL NUMBER | |
| control field | 69589 |
| 003 - CONTROL NUMBER IDENTIFIER | |
| control field | PK-LaUMT |
| 005 - DATE AND TIME OF LATEST TRANSACTION | |
| control field | 20260618145348.0 |
| 008 - FIXED-LENGTH DATA ELEMENTS--GENERAL INFORMATION | |
| fixed length control field | 151205m20222012xx |||||||||||||| ||und|| |
| 020 ## - INTERNATIONAL STANDARD BOOK NUMBER | |
| International Standard Book Number | 9781847946249 |
| 040 ## - CATALOGING SOURCE | |
| Transcribing agency | PK-LaUMT |
| 082 ## - DEWEY DECIMAL CLASSIFICATION NUMBER | |
| Classification number | 152.33 |
| Item number | DUH-P |
| 100 1# - MAIN ENTRY--PERSONAL NAME | |
| Personal name | Duhigg, Charles |
| 9 (RLIN) | 13080 |
| 245 14 - TITLE STATEMENT | |
| Title | The power of habit : |
| Remainder of title | why we do what we do and how to change / |
| Statement of responsibility, etc | Charles Duhigg |
| 260 ## - PUBLICATION, DISTRIBUTION, ETC. (IMPRINT) | |
| Place of publication, distribution, etc | London : |
| Name of publisher, distributor, etc | Random House, |
| Date of publication, distribution, etc | 2012 |
| 300 ## - PHYSICAL DESCRIPTION | |
| Extent | xx, 379 p. |
| 500 ## - GENERAL NOTE | |
| General note | Index present |
| 520 ## - SUMMARY, ETC. | |
| Summary, etc | Takes you to the edge of scientific discoveries that explain why habits exist and how they can be changed. This book brings to life a whole new understanding of human nature and its potential for transformation. It shows, by harnessing this science, we can transform our businesses, our communities, and our lives |
| 546 ## - LANGUAGE NOTE | |
| Language note | Eng |
| 650 ## - SUBJECT ADDED ENTRY--TOPICAL TERM | |
| Topical term or geographic name as entry element | Habit |
| 9 (RLIN) | 10121 |
| 650 ## - SUBJECT ADDED ENTRY--TOPICAL TERM | |
| Topical term or geographic name as entry element | Habit-Social aspects |
| 9 (RLIN) | 13081 |
| 650 ## - SUBJECT ADDED ENTRY--TOPICAL TERM | |
| Topical term or geographic name as entry element | Habit-breaking |
| 9 (RLIN) | 13082 |
| 650 ## - SUBJECT ADDED ENTRY--TOPICAL TERM | |
| Topical term or geographic name as entry element | Change (Psychology) |
| 9 (RLIN) | 13083 |
| 942 ## - ADDED ENTRY ELEMENTS (KOHA) | |
| Koha item type | Books |
| Source of classification or shelving scheme | Dewey Decimal Classification |
| Withdrawn status | Lost status | Damaged status | Not for loan | Home library | Current library | Date acquired | Total Checkouts | Total Renewals | Full call number | Barcode | Checked out | Date last seen | Date checked out | Price effective from | Koha item type | Source of classification or shelving scheme | Copy number |
|---|---|---|---|---|---|---|---|---|---|---|---|---|---|---|---|---|---|
| UMT Main Campus | UMT Main Campus | 2015-12-04 | 5 | 1 | 152.33 DUH-P | 96193 | 2017-01-28 | 2017-01-14 | 2017-01-14 | 2015-12-05 | Books | ||||||
| UMT Main Campus | UMT Main Campus | 2026-06-18 | 152.33 DUH-P | 152904 | 2026-06-18 | 2026-06-18 | Books | Dewey Decimal Classification | C.2 |
